Lịch sử và nghệ thuật ca trù

Giới thiệu các tài liệu Hán Nôm về ca trù và có liên quan đến ca trù hiện lưu trữ tại thư viện Viện Nghiên cứu Hán Nôm. Trình bày các thông tin về lịch sử và sinh hoạt ca trù qua các tư liệu Hán Nôm như thần tích và truyền thuyết tổ ca...

全面介紹

Đã lưu trong:
書目詳細資料
主要作者: Nguyễn, Xuân Diện
格式: 圖書
語言:Undetermined
出版: Hà Nội Văn hoá dân tộc 2012
主題:
標簽: 添加標簽
沒有標簽, 成為第一個標記此記錄!
Thư viện lưu trữ: Trung tâm Học liệu Trường Đại học Cần Thơ
LEADER 01075nam a2200193Ia 4500
001 CTU_179738
008 210402s9999 xx 000 0 und d
082 |a 781.62009 
082 |b D305 
100 |a Nguyễn, Xuân Diện 
245 0 |a Lịch sử và nghệ thuật ca trù 
245 0 |c Nguyễn Xuân Diện 
260 |a Hà Nội 
260 |b Văn hoá dân tộc 
260 |c 2012 
520 |a Giới thiệu các tài liệu Hán Nôm về ca trù và có liên quan đến ca trù hiện lưu trữ tại thư viện Viện Nghiên cứu Hán Nôm. Trình bày các thông tin về lịch sử và sinh hoạt ca trù qua các tư liệu Hán Nôm như thần tích và truyền thuyết tổ ca trù, lược sử ca trù, sinh hoạt ca trù... Giới thiệu thể cách, thơ, nhạc khí và âm luật ca trù 
650 |a Folk music,Âm nhạc dân tộc 
910 |a Nguyên 
980 |a Trung tâm Học liệu Trường Đại học Cần Thơ